La Tradición : revista revista
Descripción Física:
2 vols. ; periodicitat: desconeguda ; 22 cm
Idioma:
Español
MARC
| LEADER | 00000nas a2200000 a 4500 | ||
|---|---|---|---|
| 001 | 28354 | ||
| 003 | AGDB | ||
| 005 | 20260324180036.0 | ||
| 008 | 160829s9999 xx 000 0 cat d | ||
| 040 | |a agdb |b cat | ||
| 041 | |a spa | ||
| 080 | |a Revistes | ||
| 245 | |a La Tradición : |b revista | ||
| 260 | |a [Barcelona] : |b Imp. de Redondo y Xumetra ; |c [1886 ?] | ||
| 300 | |a 2 vols. ; |b periodicitat: desconeguda ; |c 22 cm | ||
| 500 | |a Numeració desconeguda. | ||
| 501 | |a Conté un article sobre la història de la pintura Spoliarium de Juan Luna. | ||
| 650 | |a Barcelona |x Història |x Revistes |9 44568 | ||
| 655 | 0 | |9 55823 |a Revistes | |
| 901 | |a Arxiu | ||
| 942 | |n 1 |2 udc |c REV | ||
| 952 | |0 0 |1 0 |4 0 |6 REV2351 |7 1 |9 52010 |a Arxiu |b Arxiu |d 2023-11-15 |h 2 núms. (data i numeració desconeguda) |o Rev-2351 |p 28354 |r 2016-12-01 00:00:00 |w 2016-12-01 |y ARXIU | ||
| 999 | |c 55858 |d 55858 | ||